| 000 | 00647aas a2200181 4500 | ||
|---|---|---|---|
| 999 |
_c50057 _d50057 |
||
| 001 | 768714001 | ||
| 003 | CO-MdFUSB | ||
| 005 | 20170905154157.0 | ||
| 008 | 170905s1992 ag ||||| |||| 00| 0 spa d | ||
| 022 | _a0326-6737 | ||
| 040 |
_aCO-MdFUSB _bspa _cCO-MdFUSB _dCO-MdFUSB |
||
| 041 | _aspa | ||
| 100 | 1 |
_aZorzin, Alejandro _eautor |
|
| 245 | 1 | 0 |
_aPastor Wilhem Nelke (1875-1966) : _bun impulsor de la germanidad en el Rio de la Plata _c/ Zorzin, Alejandro |
| 300 |
_aVolumen 12. Número 2 (1992), páginas 29-57 _c: 23 cm. |
||
| 773 | 0 |
_tCuadernos de Teología _049404 _959709 _gVolumen 12. Número 2 (1992), páginas 29-57 _qPágina 29 |
|
| 942 | _cANA | ||